| 000 | 00000nam 2200000zi 4500 |
| 001 | 9.939965 |
| 003 | CaOODSP |
| 005 | 20240628074354 |
| 006 | m o d f |
| 007 | cr bn||||||||| |
| 008 | 240627t19961996onc ob f000 0 fre d |
| 020 | |a0660952459 |q(imprimé) |
| 040 | |aCaOODSP|bfre|erda|cCaOODSP |
| 041 | 0 |afre|bfre|beng |
| 086 | 1 |aEn49-9/02-4F-PDF |
| 086 | 1 |aEn49-8/2-4F |
| 245 | 00|aÉtudes de cas de projets d'avant-garde de valorisation des déchets solides / |crédigé par Resource Integration Systems Ltd. avec l'aide de Guilford and Associates. |
| 264 | 1|aOttawa (Ontario) : |bEnvironnement Canada, Direction des déchets dangereux = Environment Canada, Hazardous Waste Branch, |c1996. |
| 264 | 4|c©1996 |
| 300 | |a1 ressource en ligne (xvi, 161 pages). |
| 336 | |atexte|btxt|2rdacontent/fre |
| 337 | |ainformatique|bc|2rdamedia/fre |
| 338 | |aressource en ligne|bcr|2rdacarrier/fre |
| 490 | 1 |aSerie de la protection de l'environnement |
| 500 | |aPublié aussi en anglais sous le titre : Case studies of leading-edge solid waste diversion projects. |
| 500 | |a« Volume III de la série « Perspectives sur la gestion des déchets solides au Canada ». » |
| 500 | |a« Pour la Division du traitement des déchets, Direction des déchets dangereux, Environnement Canada. » |
| 500 | |a« Rapport SPE 2/UP/4, mars 1996. » |
| 500 | |aÉdition numérisée de l'imprimé [par Environnement et changement climatique Canada]. |
| 504 | |aComprend des références bibliographiques (page xvi). |
| 546 | |aComprend des résumés en français et en anglais. |
| 650 | 6|aRecyclage (Déchets, etc.)|vÉtudes de cas. |
| 650 | 6|aRécupération (Déchets, etc.)|vÉtudes de cas. |
| 650 | 6|aDéchets|xRéduction|vÉtudes de cas. |
| 650 | 6|aIncinération|vÉtudes de cas. |
| 655 | 7|aÉtudes de cas|2rvmgf |
| 710 | 1 |aCanada. |bDivision du traitement des déchets, |eorganisme de publication. |
| 710 | 2 |aResource Integration Systems, Ltd., |econsultant. |
| 710 | 2 |aGuilford and Associates, |econsultant. |
| 775 | 08|tCase studies of leading-edge solid waste diversion projects / |w(CaOODSP)9.939961 |
| 830 | #0|aSérie de la protection de l'environnement.|w(CaOODSP)9.854306 |
| 856 | 40|qPDF|s316.08 Mo|uhttps://publications.gc.ca/collections/collection_2024/eccc/en49/En49-9-02-4-fra.pdf |